00729cam a2200217 a 4500001001000000003000900010005001700019008004100036020001500077035002500092040002500117082002300142100002800165245008400193260002900277300002700306500004800333504003500381651004800416651004700464000013909DO-SdBNP20251028140047.0031212s2003 ve a b 001 0 spa  a9801201010 a(BO-CbLA)la0312N1913 aDO-SdBNPcDLCdBNPHU a327.8707287bP852v1 aPortillo, Julio,d1944-10aVenezuela / Panamá :brelaciones diplomáticas, 1903-2000 /cJulio Portillo. aCaracas :bArtes,c2003. a422 p. :bil ;c23 cm. aCentenario de la independencia de Panamá. aBuibliografía: (p. 373-380). 4aVenezuelaxRelaciones exterioreszPanamá. 4aPanamáxRelaciones exterioreszVenezuela